[Event "6th Open"]
[Site "Dubai UAE"]
[Date "2004.04.27"]
[Round "8"]
[White "Goloshchapov,A"]
[Black "Mamedyarov,S"]
[Result "1/2-1/2"]
[WhiteElo "2569"]
[BlackElo "2657"]

1.e4 e5 2.Nf3 Nc6 3.Bb5 a6 4.Ba4 Nf6 5.O-O b5 6.Bb3 Bc5 7.c3 d6 8.d4 Bb6
9.a4 Rb8 10.axb5 axb5 11.Na3 O-O 12.Nxb5 exd4 13.cxd4 Bg4 14.Ra3 d5 15.exd5 Nxd5
16.h3 Bh5 17.Re1 Ba5 18.Bxd5 Qxd5 19.Nc3 Qd6 20.d5 Bxc3 21.bxc3 Ne5 22.g4 Nxf3+
23.Qxf3 Bg6 24.c4 Qc5 25.Rae3 Qxc4 26.Rc3 Qa2 27.Rxc7 Rb3 28.Re3 Rxe3 29.Bxe3 Qa8
30.Kg2 Rd8 31.Kg3 f6 32.Bd4 Rd6 33.Qc3  1/2-1/2

[Event "6th Open"]
[Site "Dubai UAE"]
[Date "2004.04.28"]
[Round "9"]
[White "Mamedyarov,S"]
[Black "Eljanov,P"]
[Result "1-0"]
[WhiteElo "2657"]
[BlackElo "2592"]

1.d4 Nf6 2.c4 g6 3.f3 d5 4.cxd5 Nxd5 5.e4 Nb6 6.Nc3 Bg7 7.Be3 O-O 8.Qd2 Be6
9.d5 Bc8 10.Bh6 Bxh6 11.Qxh6 e6 12.O-O-O Qf6 13.h4 exd5 14.exd5 N8d7 15.Nh3 Qg7
16.Qd2 Ne5 17.Ng5 h6 18.Nge4 Bf5 19.Ng3 Bd7 20.Qf4 Rad8 21.Nge4 Bf5 22.Nc5 Nbd7
23.Nb3 Nb6 24.Nc5 Nbd7 25.Nxd7 Bxd7 26.Be2 a5 27.Rhe1 Rfe8 28.Bf1 f5 29.Kb1 b6
30.Re2 g5 31.hxg5 hxg5 32.Qd4 Nf7 33.Qc4 Rxe2 34.Bxe2 Rc8 35.d6 cxd6 36.Qb3 Qe5
37.Bc4 Be8 38.Bxf7+ Bxf7 39.Qxb6 Re8 40.Qxd6 Qxd6 41.Rxd6 Kg7 42.Kc2 Re1
43.Rd2 g4 44.f4 Rf1 45.g3 Rf3 46.Ne2 Kf6 47.b3 Re3 48.Rd6+ Re6 49.Rxe6+ Kxe6
50.Nd4+ Kd5 51.Kd3 Be8 52.a3 Bd7 53.Ke3 Kc5 54.Ne2 Kd5 55.Nc1 Kc5 56.Nd3+ Kd5
57.a4 Be8 58.Ne5 Kc5 59.Kd3 Kb4 60.Kc2 Kc5 61.Kc3 Kd5 62.Kd3 Kc5 63.Kc3 Kd5
64.b4 Bxa4 65.bxa5 Bb5 66.Ng6 Ke4 67.Nh4 Ba6 68.Kb4 Bd3 69.Kc3 Ke3 70.Ng2+ Ke2
71.Kd4 Ba6 72.Nh4 Bc8 73.Ke5 Kf2 74.Nxf5 Ba6 75.Nh6 Kxg3 76.f5 Kh3 77.Nxg4 Kg3
78.f6  1-0

[Event "5th IECC"]
[Site "Antalya TUR"]
[Date "2004.05.15"]
[Round "1"]
[White "Mamedyarov,S"]
[Black "Drabke,L"]
[Result "1-0"]
[WhiteElo "2657"]
[BlackElo "2453"]

1.c4 e5 2.Nc3 Nf6 3.Nf3 Nc6 4.g3 Bb4 5.Bg2 O-O 6.O-O Bxc3 7.bxc3 d6 8.d3 h6
9.Rb1 Rb8 10.h3 a6 11.a4 Be6 12.e4 Nh7 13.Nh4 Qd7 14.g4 Na5 15.Bd2 c5 16.Nf5 b6
17.f4 f6 18.h4 Rf7 19.Nxh6+ gxh6 20.f5 h5 21.g5 fxg5 22.hxg5 Bxf5 23.exf5 Rxf5
24.Qxh5 Rbf8 25.Rxf5 Rxf5 26.Bh3 Nf8 27.Bxf5 Qxf5 28.Rf1 Qd7 29.g6 Qg7 30.Rxf8+  1-0

[Event "5th IECC"]
[Site "Antalya TUR"]
[Date "2004.05.16"]
[Round "2"]
[White "Stefansson,H"]
[Black "Mamedyarov,S"]
[Result "1/2-1/2"]
[WhiteElo "2567"]
[BlackElo "2657"]

1.e4 c5 2.Nf3 Nc6 3.d4 cxd4 4.Nxd4 Nf6 5.Nc3 e5 6.Ndb5 d6 7.Bg5 a6 8.Na3 b5
9.Nd5 Be7 10.Bxf6 Bxf6 11.c3 Ne7 12.Nxf6+ gxf6 13.Nc2 Bb7 14.Bd3 d5 15.exd5 Qxd5
16.Ne3 Qe6 17.a4 Rd8 18.Qc2 e4 19.Be2 f5 20.g3 O-O 21.axb5 axb5 22.Bxb5 Ng6
23.Bc4 Qc8 24.Ra5 f4 25.gxf4 Nxf4 26.Rg1+ Kh8 27.Rf5 Nd3+ 28.Kf1 Rd6 29.Qe2 Rg6
30.Qh5 Ba6 31.Rxg6 Bxc4 32.Nxc4 fxg6 33.Rxf8+ Qxf8 34.Qh4 Qf3 35.Qd8+  1/2-1/2

[Event "5th IECC"]
[Site "Antalya TUR"]
[Date "2004.05.17"]
[Round "3"]
[White "Mamedyarov,S"]
[Black "Cheparinov,I"]
[Result "1-0"]
[WhiteElo "2657"]
[BlackElo "2555"]

1.d4 Nf6 2.c4 g6 3.Nc3 Bg7 4.e4 d6 5.f3 O-O 6.Bg5 Nc6 7.Nge2 a6 8.Qd2 Rb8
9.Rc1 Bd7 10.d5 Na5 11.Ng3 c5 12.Bd3 b5 13.b3 bxc4 14.bxc4 Rb4 15.Nd1 Re8
16.O-O e6 17.Nf2 e5 18.h3 Qb6 19.Ng4 Bxg4 20.fxg4 Rb2 21.Rc2 Rb1 22.Rxb1 Qxb1+
23.Kh2 Qb4 24.Rb2 Qa4 25.Qc3 Qd1 26.Bd2 Nxg4+ 27.hxg4 Qxg4 28.Be2 Qh4+ 29.Kg1 f5
30.Qxa5 Qxg3 31.Rb7  1-0

[Event "5th IECC"]
[Site "Antalya TUR"]
[Date "2004.05.20"]
[Round "5"]
[White "Mamedyarov,S"]
[Black "Agrest,E"]
[Result "1-0"]
[WhiteElo "2657"]
[BlackElo "2601"]

1.d4 d5 2.c4 c6 3.Nf3 Nf6 4.Nc3 a6 5.c5 Bg4 6.Ne5 Bf5 7.f3 b6 8.e4 Be6 9.Na4 Nfd7
10.cxb6 Nxb6 11.Bd2 N6d7 12.Nxd7 Bxd7 13.Qb3 Qc7 14.exd5 cxd5 15.Nb6 Ra7
16.Nxd7 Nxd7 17.Rc1 Qd8 18.Rc6 e6 19.Bxa6 Ra8 20.O-O Be7 21.Bb7 Rb8 22.a4 e5
23.a5 exd4 24.a6 O-O 25.a7 Ra8 26.Bxa8 Qxa8 27.Rc7 Nc5 28.Qb5  1-0

[Event "5th IECC"]
[Site "Antalya TUR"]
[Date "2004.05.21"]
[Round "6"]
[White "Navara,D"]
[Black "Mamedyarov,S"]
[Result "0-1"]
[WhiteElo "2602"]
[BlackElo "2657"]

1.d4 Nf6 2.c4 g6 3.Nc3 Bg7 4.Nf3 O-O 5.g3 c6 6.Bg2 d5 7.cxd5 cxd5 8.Ne5 Nc6
9.O-O e6 10.Bf4 Nd7 11.Nxc6 bxc6 12.Qd2 e5 13.dxe5 Nxe5 14.b3 Re8 15.Rac1 Qe7
16.Rfe1 Bf5 17.Na4 Rac8 18.Nc5 h5 19.Bg5 Bf6 20.Bxf6 Qxf6 21.e4 dxe4 22.Nxe4 Bxe4
23.Rxe4 Nf3+ 24.Bxf3 Qxf3 25.Rf4 Qd5 26.Qxd5 cxd5 27.Rxc8 Rxc8 28.Ra4 Rc7
29.Kf1 Kg7 30.Ke2 Rc2+ 31.Ke1 Kf6 32.Rxa7 d4 33.a4 Rb2 34.Rb7 Ke5 35.f3 Rxh2
36.Rxf7 g5 37.Re7+ Kd6 38.Rg7 h4 39.Rg6+ Ke7 40.gxh4 gxh4 41.a5 h3 42.a6 Ra2
43.Rh6 h2 44.Rh7+ Kf6 45.Kf1 d3 46.b4 Rxa6 47.Kg2 Ra1  0-1

[Event "5th IECC"]
[Site "Antalya TUR"]
[Date "2004.05.29"]
[Round "13"]
[White "Mamedyarov,S"]
[Black "Andersson,U"]
[Result "1/2-1/2"]
[WhiteElo "2657"]
[BlackElo "2570"]

1.d4 Nf6 2.Bg5 e6 3.e4 h6 4.Bxf6 Qxf6 5.Qd2 b6 6.g3 Bb7 7.Bg2 d5 8.Nc3 Bb4
9.a3 Bxc3 10.Qxc3 Qe7 11.O-O-O dxe4 12.Nh3 O-O 13.Rhe1 Qd6 14.Bxe4 Bxe4 15.Rxe4 Nd7
16.f3 Nf6 17.Ree1 Nd5 18.Qd3 c5 19.dxc5 Qxc5 20.Qd4 Rac8 21.Qxc5 Rxc5 22.Re4 Rfc8
23.c3 Nxc3 24.bxc3 Rxc3+ 25.Kb2 Rc2+ 26.Kb1 Rxh2 27.Nf4 Rc3 28.Rd3 Rcc2 29.Re1 Rb2+
30.Ka1 Kh7 31.g4 Ra2+ 32.Kb1 Rhb2+ 33.Kc1 Rf2 34.Kb1 Rab2+ 35.Ka1 Ra2+ 36.Kb1 Rab2+
37.Ka1 b5 38.Rde3 Ra2+ 39.Kb1 Rfb2+ 40.Kc1 Rc2+ 41.Kb1 Rcb2+ 42.Kc1 Rc2+
43.Kb1 Rcb2+ 44.Kc1 Rc2+  1/2-1/2

[Event "FIDE WCh KO"]
[Site "Tripoli LBA"]
[Date "2004.06.24"]
[Round "3.4"]
[White "Mamedyarov,S"]
[Black "Nisipeanu,LD"]
[Result "0-1"]
[WhiteElo "2657"]
[BlackElo "2692"]

1.d4 Nf6 2.c4 e6 3.Nc3 Bb4 4.e3 O-O 5.Ne2 d5 6.a3 Bd6 7.cxd5 exd5 8.g3 c6
9.Bg2 Re8 10.O-O a5 11.f3 c5 12.g4 h6 13.Qe1 Nc6 14.Qf2 b6 15.Bd2 Ba6 16.Rfe1 cxd4
17.exd4 Qc7 18.h4 Bxe2 19.Nxe2 Rxe2 20.Qxe2 Nxd4 21.Qd3 Bc5 22.Kf1 Qg3 23.Bc3 Nxg4
24.Bxd4 Nh2+ 25.Ke2 Qxg2+ 26.Kd1 Bxd4 27.Qxd4 Nxf3 28.Qxd5 Nxe1  0-1

[Event "5th YM"]
[Site "Lausanne SUI"]
[Date "2004.09.15"]
[Round "1.1"]
[White "Mamedyarov,S"]
[Black "Papa,S"]
[Result "1-0"]
[WhiteElo "2662"]
[BlackElo "2397"]

1.c4 Nf6 2.Nc3 e5 3.Nf3 Nc6 4.g3 Bb4 5.Bg2 O-O 6.O-O e4 7.Ng5 Bxc3 8.bxc3 Re8
9.f3 e3 10.d3 d5 11.Qb3 Na5 12.Qa3 c6 13.cxd5 cxd5 14.f4 Nc6 15.Nf3 Bd7 16.Rb1 b6
17.c4 Rc8 18.cxd5 Nxd5 19.Bb2 a5 20.Rfc1 Ncb4 21.Ba1 h6 22.Qb2 Nf6 23.a3 Nbd5
24.Ne5 Be6 25.Rxc8 Bxc8 26.Qd4 Re6 27.Nc4 Kf8 28.Rb5 Bb7 29.Bxd5  1-0

[Event "5th YM"]
[Site "Lausanne SUI"]
[Date "2004.09.16"]
[Round "1.2"]
[White "Papa,S"]
[Black "Mamedyarov,S"]
[Result "0-1"]
[WhiteElo "2397"]
[BlackElo "2662"]

1.d4 g6 2.e4 c6 3.Nc3 Bg7 4.h3 d6 5.Be3 Nf6 6.Qd2 O-O 7.Nf3 b5 8.Bd3 Nbd7
9.a4 b4 10.Ne2 c5 11.c3 Bb7 12.Ng3 c4 13.Bb1 b3 14.Bh6 e5 15.O-O a5 16.Nh2 Re8
17.Bxg7 Kxg7 18.Kh1 exd4 19.Qxd4 Qb6 20.Re1 Qxd4 21.cxd4 Nb6 22.Nf3 Bc6 23.e5 Nfd7
24.Ne4 dxe5 25.Nd6 Re6 26.dxe5 Bxf3 27.gxf3 Nxe5 28.Be4 Rd8 29.Nb7 Rd2  0-1

[Event "5th YM"]
[Site "Lausanne SUI"]
[Date "2004.09.19"]
[Round "3.1"]
[White "Mamedyarov,S"]
[Black "McShane,L"]
[Result "1/2-1/2"]
[WhiteElo "2662"]
[BlackElo "2643"]

1.d4 Nf6 2.c4 g6 3.g3 Bg7 4.Bg2 O-O 5.Nf3 d6 6.O-O Nc6 7.Nc3 Rb8 8.Re1 a6
9.Rb1 Re8 10.b4 e5 11.d5 Nd4 12.Nh4 h5 13.e3 Nf5 14.Nxf5 Bxf5 15.e4 Bd7 16.Bg5 Qc8
17.c5 Nh7 18.Be3 Qd8 19.b5 axb5 20.Nxb5 Bf8 21.Qc2 h4 22.Rec1 dxc5 23.Bxc5 c6
24.Nd6 Bxd6 25.Bxd6 Rc8 26.Rxb7 h3 27.Bh1 cxd5 28.Qb2 dxe4 29.Bxe4 Ng5 30.Bh1 Rxc1+
31.Qxc1 Bc8 32.Re7 Rxe7 33.Bxe7 Qxe7 34.Qxc8+ Kh7 35.Qc1 e4 36.a4 Qd7 37.Bg2 f6
38.Bf1 Qxa4 39.Qc7+ Kh6 40.Qc8 Qa1 41.Qh8+ Nh7 42.Qd8 Qc1 43.Qe8 f5 44.Qd8 Qg5
45.Qd1 Qg4 46.Be2 Qg5 47.Bf1 e3 48.Bxh3 f4 49.Qf3 exf2+ 50.Qxf2  1/2-1/2

[Event "5th YM"]
[Site "Lausanne SUI"]
[Date "2004.09.20"]
[Round "3.2"]
[White "McShane,L"]
[Black "Mamedyarov,S"]
[Result "1-0"]
[WhiteElo "2643"]
[BlackElo "2662"]

1.e4 e5 2.Nf3 Nf6 3.Nxe5 d6 4.Nf3 Nxe4 5.Qe2 Qe7 6.d3 Nf6 7.Bg5 Qxe2+ 8.Bxe2 Be7
9.Nc3 h6 10.Bf4 Nc6 11.O-O-O Be6 12.d4 Nb4 13.a3 Nbd5 14.Nxd5 Nxd5 15.Bd2 O-O-O
16.Rhe1 Rhe8 17.h3 Nb6 18.b3 Bd5 19.Be3 Be4 20.c4 Nd7 21.g3 c5 22.b4 Bf6
23.Ng1 cxb4 24.axb4 Nb6 25.Kb2 Bf5 26.Kb3 Kb8 27.Bf1 Rc8 28.Nf3 Be6 29.Nd2 g5
30.Rc1 Bg7 31.d5 Bf5 32.Bg2 Nd7 33.f4 gxf4 34.Bxf4 Be5 35.Bxe5 Nxe5 36.Bf1 Nd3
37.Bxd3 Bxd3 38.b5 h5 39.Kc3 Bf5 40.h4 Rg8 41.Re3 Rce8 42.Rf3 Bc8 43.Kd3 f5
44.Nf1 Kc7 45.Ne3 Kb6 46.Ng2 f4 47.Nxf4 Bg4 48.Rf2 Bf5+ 49.Kd2 Rxg3 50.Rc3 Rxc3
51.Kxc3 Re3+ 52.Kd2 Ra3 53.Nxh5 Ra2+ 54.Ke3 Rxf2 55.Kxf2 Kc5 56.Ng3 Bh7 57.Ke3 Kxc4
58.Ne4 Kxb5 59.Kd4 Kb6 60.Nxd6 Kc7 61.Ne8+ Kd8 62.Nf6 Bc2 63.h5 Ke7 64.Ke5 Kf7
65.d6 Ba4 66.Kf5 Kg7 67.Kg5 Kf7 68.d7 Ke7 69.Kf4 Bc2 70.Ne4 Bb3 71.h6 Bg8
72.Nf6  1-0

[Event "36th Olympiad"]
[Site "Calvia ESP"]
[Date "2004.10.17"]
[Round "3"]
[White "Mamedyarov,S"]
[Black "Bluvshtein,M"]
[Result "1-0"]
[WhiteElo "2660"]
[BlackElo "2502"]

1.Nf3 Nf6 2.c4 e6 3.Nc3 d5 4.d4 dxc4 5.e4 Bb4 6.Bg5 c5 7.Bxc4 cxd4 8.Nxd4 Bxc3+
9.bxc3 Qa5 10.Bb5+ Bd7 11.Bxf6 gxf6 12.Qb3 Bxb5 13.Nxb5 O-O 14.O-O Nc6 15.c4 Rad8
16.Qg3+ Kh8 17.Qh4 Kg7 18.f4 Rd3 19.e5 Qd8 20.Qh5 Kg8 21.Rae1 a6 22.Nd6 fxe5
23.c5 f5 24.fxe5 b5 25.Rf3 Qa5 26.Re2 Qb4 27.Rxd3 Qb1+ 28.Kf2 Qxd3 29.Qg5+ Kh8
30.Qh6 Qd4+ 31.Kf1 Kg8 32.Qxe6+ Kh8 33.Qh6 Kg8 34.Qg5+ Kh8 35.e6  1-0

[Event "36th Olympiad"]
[Site "Calvia ESP"]
[Date "2004.10.18"]
[Round "4"]
[White "McNab,C"]
[Black "Mamedyarov,S"]
[Result "1/2-1/2"]
[WhiteElo "2434"]
[BlackElo "2660"]

1.c4 Nf6 2.Nf3 g6 3.g3 Bg7 4.Bg2 O-O 5.O-O d5 6.cxd5 Nxd5 7.d4 Nb6 8.Nc3 Nc6
9.e3 Re8 10.d5 Na5 11.Nd4 Bd7 12.b3 Qc8 13.Bd2 c5 14.Nde2 Bh3 15.Bxh3 Qxh3
16.Rc1 Rad8 17.Nf4 Qh6 18.e4 g5 19.Ng2 Nd7 20.h4 Qa6 21.hxg5 Ne5 22.Nf4 Nac6
23.Kg2 Nd4 24.Qh5 Ng6 25.Rh1 Nf8 26.Qd1 e6 27.Nh5 exd5 28.Nxd5 Rxd5 29.exd5 Qd6
30.Be3 Qxd5+ 31.Kg1 Nf3+ 32.Kf1 Nd2+ 33.Kg1 Nf3+ 34.Kf1 Nd2+ 35.Kg1 Nf3+  1/2-1/2

[Event "36th Olympiad"]
[Site "Calvia ESP"]
[Date "2004.10.19"]
[Round "5"]
[White "Atalik,S"]
[Black "Mamedyarov,S"]
[Result "1/2-1/2"]
[WhiteElo "2541"]
[BlackElo "2660"]

1.d4 e6 2.c4 b6 3.a3 Bb7 4.Nc3 f5 5.d5 Nf6 6.g3 Na6 7.Bg2 Nc5 8.Nh3 Bd6 9.O-O Be5
10.Qc2 O-O 11.Bd2 Qe7 12.Rad1 Rae8 13.Nf4 Qf7 14.dxe6 dxe6 15.Nd3 Bd6 16.Nxc5 Bxg2
17.Kxg2 bxc5 18.f3 Qh5 19.Be3 e5 20.Nb5 f4 21.Nxd6 cxd6 22.gxf4 exf4 23.Bg1 Re6
24.Qd2 Nd7 25.Qd5 Qxd5 26.Rxd5 Nb6 27.Rd2 Nxc4 28.Rc2 Ne3+ 29.Bxe3 Rxe3 30.b4 Rf5
31.bxc5 Rxc5 32.Ra2 Re6 33.Kf2 Rh6 34.Rh1 Ra5 35.a4 Kf7 36.h4 a6 37.Rb2 Rxa4
38.Rb7+ Kf6 39.Rd7 Rd4 40.Ra7 g6 41.Rxa6 Rh5 42.Ra7 h6 43.Rh7 Rd2 44.Rh8 Kg7
45.Re8 g5 46.Kg2 Kf7 47.Re4 d5 48.Re5 d4 49.hxg5 Rxg5+ 50.Rxg5 hxg5 51.Rh7+ Ke6
52.Kf1 d3 53.exd3 Rxd3 54.Ke2 Re3+ 55.Kf2 Ra3 56.Rg7 Kf6 57.Rg8 Ra5 58.Kg2 Re5
59.Kf2  1/2-1/2

[Event "36th Olympiad"]
[Site "Calvia ESP"]
[Date "2004.10.20"]
[Round "6"]
[White "Mamedyarov,S"]
[Black "Volokitin,And"]
[Result "1/2-1/2"]
[WhiteElo "2660"]
[BlackElo "2652"]

1.d4 Nf6 2.Nf3 e6 3.e3 c5 4.Bd3 Nc6 5.O-O d5 6.c3 Bd6 7.dxc5 Bxc5 8.Nbd2 O-O
9.e4 Qc7 10.Qe2 h6 11.Bc2 Bb6 12.a4 a6 13.g3 Bd7 14.Kg2 Rad8 15.h3 e5 16.exd5 Nxd5
17.Nc4 Qc8 18.Rh1 Bc7 19.Qe4 Nf6 20.Qh4 Bf5 21.Bxf5 Qxf5 22.Ne3 Qe6 23.Qc4 Nd5
24.Nxd5 Rxd5 25.Re1 Bb6 26.Be3 e4 27.Ng5 hxg5 28.Bxb6 Ne5 29.Qxe4 f5 30.Qc4 Rf6
31.Qb3 f4 32.g4 f3+ 33.Kg1 Rf4 34.Rxe5 Rxe5 35.Qxe6+ Rxe6 36.Be3 Rfe4 37.Kh2 Rxe3
38.fxe3  1/2-1/2

[Event "36th Olympiad"]
[Site "Calvia ESP"]
[Date "2004.10.22"]
[Round "7"]
[White "Vallejo Pons,F"]
[Black "Mamedyarov,S"]
[Result "1-0"]
[WhiteElo "2678"]
[BlackElo "2660"]

1.e4 Nf6 2.e5 Nd5 3.d4 d6 4.Nf3 dxe5 5.Nxe5 c6 6.c3 Nd7 7.Nf3 g6 8.Bc4 Bg7
9.O-O b5 10.Bb3 O-O 11.Re1 e6 12.Bg5 Qc7 13.Na3 Ba6 14.Rc1 h6 15.Bh4 c5 16.Nxb5 Bxb5
17.c4 Bxc4 18.Bxc4 g5 19.Bxd5 exd5 20.Bg3 Qc6 21.dxc5 Bxb2 22.Rc2 Bg7 23.h4 Qg6
24.c6 Nf6 25.Be5 Rac8 26.c7 Rfe8 27.Rc1 g4 28.Bxf6 Rxe1+ 29.Nxe1 Qxf6 30.Qxg4 Qe6
31.Qxe6 fxe6 32.Nd3 Kf7 33.Rc6 Ke7 34.Nc5 e5 35.h5 e4 36.Kf1 Bd4 37.g4 Bxc5
38.Rxc5 Kd6 39.Rc1 Ke5 40.g5 hxg5 41.Rc6 d4 42.h6 Kd5 43.Rc1 Kd6 44.h7 Kd7
45.Rc4  1-0

[Event "36th Olympiad"]
[Site "Calvia ESP"]
[Date "2004.10.25"]
[Round "10"]
[White "Mamedyarov,S"]
[Black "Delchev,A"]
[Result "1/2-1/2"]
[WhiteElo "2660"]
[BlackElo "2601"]

1.c4 e5 2.Nc3 Nf6 3.Nf3 Nc6 4.g3 Bc5 5.Bg2 d6 6.d3 h6 7.O-O a6 8.a3 O-O 9.b4 Ba7
10.Be3 Bxe3 11.fxe3 Be6 12.Qd2 Nb8 13.Nh4 c6 14.Nf5 d5 15.cxd5 cxd5 16.e4 Bxf5
17.Rxf5 dxe4 18.Raf1 Qd4+ 19.e3 Qxd3 20.Nxe4 Qxd2 21.Nxd2 Nbd7 22.Nc4 Rac8
23.Nxe5 Nxe5 24.Rxe5 Rc7 25.a4 Re8 26.Rc5 Rxc5 27.bxc5 Ne4 28.Rf5 g6 29.Rd5 Kg7
30.a5 Kf6 31.c6 bxc6 32.Rd7 Nc5 33.Rc7 Nb3 34.Rxc6+ Re6 35.Rc3 Nxa5 36.Bd5 Rb6
37.e4 Nb7 38.Rf3+  1/2-1/2

[Event "36th Olympiad"]
[Site "Calvia ESP"]
[Date "2004.10.26"]
[Round "11"]
[White "Sutovsky,E"]
[Black "Mamedyarov,S"]
[Result "1/2-1/2"]
[WhiteElo "2697"]
[BlackElo "2660"]

1.e4 e5 2.Nf3 Nc6 3.Bb5 a6 4.Ba4 Nf6 5.O-O Nxe4 6.d4 b5 7.Bb3 d5 8.dxe5 Be6
9.Nbd2 Be7 10.c3 O-O 11.Bc2 f5 12.Nb3 Qd7 13.Nbd4 Nxd4 14.Nxd4 c5 15.Nxe6 Qxe6
16.f3 Ng5 17.a4 b4 18.cxb4 c4 19.Be3 Nf7 20.f4 Bxb4 21.a5 Nd8 22.Qf3 Nb7
23.Rfd1 Rfd8 24.Bb6 Bc5+ 25.Kh1 Bxb6 26.axb6 Nc5 27.b3 Qxb6 28.bxc4 Ne4 29.Bxe4 dxe4  1/2-1/2

[Event "36th Olympiad"]
[Site "Calvia ESP"]
[Date "2004.10.27"]
[Round "12"]
[White "Zhang Zhong"]
[Black "Mamedyarov,S"]
[Result "1/2-1/2"]
[WhiteElo "2596"]
[BlackElo "2660"]

1.e4 e5 2.Nf3 Nf6 3.Nxe5 d6 4.Nf3 Nxe4 5.c4 Nc6 6.Nc3 Nxc3 7.dxc3 Bf5 8.Bd3 Qd7
9.O-O Be7 10.Re1 O-O 11.Bxf5 Qxf5 12.Qd5 Qc2 13.Bf4 Bf6 14.Qb5 Rab8 15.Rac1 Qg6
16.h3 h6 17.g4 Nd8 18.Bg3 Ne6 19.Qd5 Nc5 20.Rcd1 Rfe8 21.Kg2 Rxe1 22.Rxe1 Qd3
23.h4 Qxd5 24.cxd5 g5 25.hxg5 hxg5 26.Nd2 b5 27.Ne4 Nxe4 28.Rxe4 a5 29.a3 Kg7
30.Kf3 Rh8 31.Ke2 Rh1 32.Kd2 Rb1 33.Kc2 Ra1 34.Re8 b4 35.Rc8 bxa3 36.bxa3 Rxa3
37.Rxc7 a4 38.Bxd6 Ra2+ 39.Kd3 Rxf2 40.Ra7 Rf3+ 41.Ke4 Rxc3 42.Rxa4 Rc2 43.Ra3 Kg6
44.Ra6 Rc4+ 45.Kf3 Kg7 46.Bf8+  1/2-1/2

[Event "XIV It"]
[Site "Pamplona ESP"]
[Date "2004.12.22"]
[Round "1"]
[White "Mamedyarov,S"]
[Black "Karjakin,Sergey"]
[Result "1/2-1/2"]
[WhiteElo "2660"]
[BlackElo "2576"]

1.e4 c5 2.Nf3 d6 3.d4 cxd4 4.Nxd4 Nf6 5.Nc3 a6 6.Be3 e5 7.Nf3 Qc7 8.a4 Be7
9.Be2 O-O 10.O-O Be6 11.a5 Nbd7 12.Qd3 h6 13.Nd2 Rac8 14.Rfc1 Nc5 15.Bxc5 Qxc5
16.Bf3 Rfd8 17.Nd5 Nxd5 18.exd5 Bd7 19.c4 f5 20.Nb3 Qb4 21.Be2 e4 22.Qc3 Qxc3
23.bxc3  1/2-1/2

[Event "XIV It"]
[Site "Pamplona ESP"]
[Date "2004.12.23"]
[Round "2"]
[White "Naiditsch,A"]
[Black "Mamedyarov,S"]
[Result "1/2-1/2"]
[WhiteElo "2611"]
[BlackElo "2660"]

1.e4 e5 2.Nf3 Nc6 3.Bb5 a6 4.Ba4 Nf6 5.O-O Nxe4 6.d4 b5 7.Bb3 d5 8.dxe5 Be6
9.Nbd2 Nc5 10.c3 d4 11.Ng5 dxc3 12.Nxe6 fxe6 13.bxc3 Qd3 14.Bc2 Qxc3 15.Nb3 Rd8
16.Bd2 Qxe5 17.Re1 Qd5 18.Qg4 Nd4 19.Nxc5 Bxc5 20.Qxg7 Rf8 21.Bxh7 Rd7 22.Qg6+ Kd8
23.Bh6 Nf3+ 24.gxf3 Qxf3 25.Qg5+ Kc8 26.Qxc5 Qg4+ 27.Kh1 Qf3+ 28.Kg1 Qg4+  1/2-1/2

[Event "XIV It"]
[Site "Pamplona ESP"]
[Date "2004.12.24"]
[Round "3"]
[White "Mamedyarov,S"]
[Black "Bruzon,L"]
[Result "0-1"]
[WhiteElo "2660"]
[BlackElo "2637"]

1.e4 e5 2.Nf3 Nf6 3.d4 Nxe4 4.Bd3 Nc6 5.d5 Nc5 6.dxc6 e4 7.cxb7 Bxb7 8.Be2 exf3
9.Bxf3 Bxf3 10.Qxf3 Bd6 11.Bg5 Qb8 12.Nc3 Ne6 13.h4 c6 14.O-O-O O-O 15.Kb1 a5
16.Bc1 Ra7 17.Ne4 Be5 18.Ng5 Rb7 19.c3 h6 20.Rde1 Bf4 21.Qd3 hxg5 22.hxg5 Nxg5
23.Rh4 Bxc1 24.Reh1 g6 25.Kxc1 Qa7 26.Qd6 Kg7 27.Qg3 Qc5 28.f4 Ne4 29.Rh7+ Kf6
30.Qh4+ Ke6 31.Re1 d5 32.f5+ gxf5 33.g4 Kd7 34.gxf5  0-1

[Event "XIV It"]
[Site "Pamplona ESP"]
[Date "2004.12.27"]
[Round "5"]
[White "De la Riva Aguado,O"]
[Black "Mamedyarov,S"]
[Result "0-1"]
[WhiteElo "2528"]
[BlackElo "2660"]

1.e4 e5 2.Nf3 Nc6 3.d4 exd4 4.Nxd4 Bc5 5.Nb3 Bb6 6.Nc3 d6 7.a4 Na5 8.Nxa5 Bxa5
9.Bd3 Qh4 10.O-O Nf6 11.Nd5 Nxd5 12.exd5 O-O 13.c3 a6 14.Be3 Bd7 15.Re1 Rfe8
16.g3 Qf6 17.Bd4 Rxe1+ 18.Qxe1 Qxd4 19.cxd4 Bxe1 20.Rxe1 Bxa4 21.Re7 Bb3
22.Be4 b5 23.Rxc7 a5 24.Rb7 b4 25.f4 Re8 26.Kf2 g5 27.Bd3 gxf4 28.gxf4 Bxd5
29.Rb5 Be4 30.Be2 Bc6 31.Rxa5 Re4 32.d5 Rxf4+ 33.Kg3 Rf5 34.Ra6 Bxd5 35.Rxd6 Be6
36.Rd4 Rg5+ 37.Kf2 b3 38.Rb4 Rc5 39.Bd1 Rc2+  0-1

[Event "Corus B"]
[Site "Wijk aan Zee NED"]
[Date "2005.01.15"]
[Round "1"]
[White "Nijboer,F"]
[Black "Mamedyarov,S"]
[Result "0-1"]
[WhiteElo "2549"]
[BlackElo "2657"]

1.e4 c5 2.Nf3 d6 3.d4 cxd4 4.Nxd4 Nf6 5.Nc3 a6 6.Be3 e5 7.Nb3 Be6 8.f3 Be7
9.Qd2 O-O 10.O-O-O Qc7 11.g4 Nbd7 12.Kb1 b5 13.g5 Nh5 14.Nd5 Bxd5 15.exd5 Nb6
16.Rg1 Rab8 17.h4 g6 18.f4 Nxf4 19.Bxf4 exf4 20.Qxf4 Rfe8 21.h5 Bf8 22.hxg6 hxg6
23.Rh1 Bg7 24.Qh4 Na4 25.Rd4 Rbc8 26.Bd3 Re2 27.Bxg6 Kf8 28.Rf1 Rxc2 29.Qf4 Rxb2+
30.Ka1 Rg2 31.Qe3 Re8 32.Qd3 Ree2 33.Bxf7 Rxa2+ 34.Kb1  0-1

[Event "Corus B"]
[Site "Wijk aan Zee NED"]
[Date "2005.01.16"]
[Round "2"]
[White "Mamedyarov,S"]
[Black "Ramirez,Al"]
[Result "1-0"]
[WhiteElo "2657"]
[BlackElo "2507"]

1.e4 c5 2.c3 Nf6 3.e5 Nd5 4.Nf3 d6 5.Bc4 e6 6.O-O Nc6 7.d4 cxd4 8.cxd4 Be7
9.Qe2 O-O 10.Nc3 Nxc3 11.bxc3 dxe5 12.dxe5 Qa5 13.Qe4 Qa4 14.Bg5 h6 15.Bxe7 Nxe7
16.Rab1 Bd7 17.Bd3 Qxe4 18.Bxe4 Bc6 19.Bxc6 bxc6 20.c4 Rab8 21.Rfd1 Rfd8
22.Rxd8+ Rxd8 23.h4 Nf5 24.Kf1 Rd3 25.Rb8+ Kh7 26.Rb7 Nd4 27.Nxd4 Rd1+ 28.Ke2 Rxd4
29.Rxf7 Rxc4 30.Rxa7 Rxh4 31.Ke3 Rg4 32.Re7 Kg6 33.Kf3 Ra4 34.g4 Rxa2 35.Rxe6+ Kg5
36.Rxc6 Ra4 37.Rc7 g6 38.Rf7 Ra3+ 39.Ke4 Kxg4 40.e6 Ra1 41.Ke5 h5 42.e7 Re1+
43.Kf6 h4 44.Rf8 Kf3 45.Kg5+  1-0

[Event "Corus B"]
[Site "Wijk aan Zee NED"]
[Date "2005.01.17"]
[Round "3"]
[White "Kosteniuk,A"]
[Black "Mamedyarov,S"]
[Result "0-1"]
[WhiteElo "2490"]
[BlackElo "2657"]

1.Nf3 Nf6 2.c4 c6 3.d4 d5 4.e3 g6 5.Nc3 Bg7 6.Be2 O-O 7.O-O a6 8.a4 a5 9.Ne5 Be6
10.f4 Na6 11.cxd5 Nxd5 12.e4 Nb6 13.b3 Qd6 14.Be3 f5 15.Rc1 fxe4 16.Nxe4 Qb4
17.Ng5 Bxb3 18.Qd3 Bxe5 19.fxe5 Rxf1+ 20.Rxf1 Qc4 21.Qd2 Qc2 22.Qe1 Rf8 23.Rxf8+ Kxf8
24.Nxh7+ Ke8 25.Qf1 Qe4 26.Bg5 Qxd4+ 27.Kh1 Nd7 28.Bd3 Nac5 29.Bxg6+ Kd8
30.Qe1 b6 31.h4 Bd5 32.e6 Nxe6 33.Be3 Qg4  0-1

[Event "Corus B"]
[Site "Wijk aan Zee NED"]
[Date "2005.01.18"]
[Round "4"]
[White "Mamedyarov,S"]
[Black "Nielsen,PH"]
[Result "1/2-1/2"]
[WhiteElo "2657"]
[BlackElo "2648"]

1.d4 Nf6 2.c4 e6 3.Nf3 d5 4.Nc3 dxc4 5.e4 Bb4 6.Bg5 c5 7.Bxc4 cxd4 8.Nxd4 Bxc3+
9.bxc3 Qa5 10.Bb5+ Bd7 11.Bxf6 gxf6 12.Qb3 O-O 13.O-O Bxb5 14.Nxb5 Nc6 15.c4 Rad8
16.Qg3+ Kh8 17.Qh4 Kg7 18.f4 Qd2 19.e5 fxe5 20.Qg5+ Kh8 21.Qf6+ Kg8 22.Qg5+ Kh8
23.Qf6+ Kg8 24.Rae1 a6 25.Qg5+ Kh8 26.Qf6+ Kg8 27.Re4 Qc2 28.Qg5+ Kh8 29.Qf6+ Kg8
30.Nc3 Rd2 31.Qg5+ Kh8 32.Qf6+ Kg8 33.Qg5+ Kh8 34.Qf6+  1/2-1/2

[Event "Corus B"]
[Site "Wijk aan Zee NED"]
[Date "2005.01.20"]
[Round "5"]
[White "Karjakin,Sergey"]
[Black "Mamedyarov,S"]
[Result "1/2-1/2"]
[WhiteElo "2599"]
[BlackElo "2657"]

1.e4 e5 2.Nf3 Nf6 3.Nxe5 d6 4.Nf3 Nxe4 5.d4 d5 6.Bd3 Bd6 7.O-O O-O 8.Re1 Re8
9.c4 c6 10.Nc3 Nxc3 11.bxc3 Rxe1+ 12.Qxe1 h6 13.Ne5 Qf6 14.Rb1 b6 15.cxd5 cxd5
16.c4 Bf5 17.Rb3 Nd7 18.Bxf5 Qxf5 19.Rf3 Qe4 20.Re3 Qf5 21.Rf3 Qe4 22.Re3 Qf5
23.Rf3  1/2-1/2

[Event "Corus B"]
[Site "Wijk aan Zee NED"]
[Date "2005.01.23"]
[Round "8"]
[White "Mamedyarov,S"]
[Black "Onischuk,Al"]
[Result "1/2-1/2"]
[WhiteElo "2657"]
[BlackElo "2652"]

1.e4 e5 2.Nf3 Nc6 3.d4 exd4 4.Nxd4 Bc5 5.Nb3 Bb6 6.Nc3 d6 7.a4 a6 8.Nd5 Ba7
9.Qf3 Nge7 10.Bg5 Be6 11.O-O-O Bxd5 12.exd5 Ne5 13.Qe2 h6 14.Be3 Bxe3+ 15.Qxe3 Qd7
16.f4 Ng4 17.Qf3 Nf6 18.a5 O-O 19.Rg1 Rae8 20.g4 Nexd5 21.g5 Re3 22.Qg2 Nxf4
23.Qf2 N6d5 24.gxh6 g6 25.Rxd5 Nxd5 26.Bc4 Qe7 27.Bxd5 c6 28.Rxg6+ Kh8 29.Rg3 Rxg3
30.Qxg3 Rg8 31.Qc3+ Kh7 32.Qd3+ Kxh6 33.Bf3 Rg1+ 34.Bd1 Qg5+ 35.Nd2 Qf4 36.h4 d5
37.Qh3 f5 38.Qc3 d4 39.Qc5 Qg4 40.Qf8+ Kh7 41.Qf7+ Kh6 42.Qf6+ Kh7 43.Qf7+ Kh6
44.Qf6+  1/2-1/2

[Event "Corus B"]
[Site "Wijk aan Zee NED"]
[Date "2005.01.25"]
[Round "9"]
[White "Carlsen,M"]
[Black "Mamedyarov,S"]
[Result "1/2-1/2"]
[WhiteElo "2553"]
[BlackElo "2657"]

1.e4 e5 2.Nf3 Nf6 3.Nxe5 d6 4.Nf3 Nxe4 5.d4 d5 6.Bd3 Bd6 7.O-O O-O 8.c4 c6
9.Re1 Re8 10.cxd5 cxd5 11.Nc3 Nxc3 12.Rxe8+ Qxe8 13.bxc3 b6 14.Be3 Ba6 15.Ng5 h6
16.Bh7+ Kf8 17.Nf3 Nd7 18.Qc2 Qe7 19.Re1 Re8 20.Bf5 Nf6 21.Ne5 Qc7 22.Bf4 Bc8
23.Bd3 Re7 24.h3 Nd7 25.Nxd7+ Bxd7 26.Rxe7 Kxe7 27.Qe2+ Be6 28.Bxd6+ Qxd6
29.Qb2 a5 30.Be2 g5 31.Bf3 Kd8 32.Qb5 Kc7 33.Qa6 Kb8 34.Qb5 Ka7 35.Be2 Qc7
36.Qa6+ Kb8 37.Qb5 Qd6 38.Bf3 Ka7 39.Be2 Bd7 40.Qa6+ Kb8 41.Bf3 Qc6 42.c4 Bc8
43.Qb5 Bb7 44.Qb1 Qxc4 45.Qxb6 a4 46.Qd8+ Ka7 47.Qa5+ Kb8 48.Qd8+ Ka7 49.Qa5+ Kb8
50.Qd8+  1/2-1/2